TNA Wrestling Champions by Year - 2024 - Statistics

General Stats
  • This quiz has been taken 81 times
  • The average score is 23 of 31
Answer Stats
Title Date Event Wrestler % Correct
TNA World January 13 Hard to Kill Moose
97%
X-Division November 7 Impact Moose
97%
Knockouts World January 13 Hard to Kill Jordynne Grace
92%
TNA World July 20 Slammiversary Nic Nemeth
87%
World Tag Team October 26 Bound for Glory Jeff Hardy
82%
World Tag Team October 26 Bound for Glory Matt Hardy
82%
X-Division February 23 No Surrender Mustafa Ali
79%
Knockouts World October 26 Bound for Glory Masha Slamovich
77%
Knockouts Tag Team February 23 No Surrender Masha Slamovich
77%
Knockouts Tag Team May 3 Under Siege Masha Slamovich
77%
X-Division July 20 Slammiversary Mike Bailey
74%
X-Division September 13 Victory Road Mike Bailey
74%
Digital Media July 20 Slammiversary PCO
74%
World Tag Team July 20 Slammiversary Ace Austin
72%
Knockouts Tag Team May 3 Under Siege Alisha Edwards
72%
World Tag Team March 8 Sacrifice Brian Myers
72%
World Tag Team September 13 Victory Road Brian Myers
72%
World Tag Team July 20 Slammiversary Chris Bey
72%
World Tag Team March 8 Sacrifice Eddie Edwards
72%
World Tag Team September 13 Victory Road Eddie Edwards
72%
Knockouts Tag Team February 23 No Surrender Killer Kelly
69%
X-Division August 30 Emergence Zachary Wentz
67%
Digital Media May 19 Impact: 20th Anniversary AJ Francis
64%
Knockouts Tag Team March 8 Sacrifice Jody Threat
64%
Knockouts Tag Team September 13 Victory Road Jody Threat
64%
Knockouts Tag Team March 8 Sacrifice Dani Luna
62%
Knockouts Tag Team September 13 Victory Road Dani Luna
62%
Knockouts Tag Team January 13 Hard to Kill Havok
62%
Knockouts Tag Team January 13 Hard to Kill Rosemary
62%
Digital Media January 13 Hard to Kill Crazzy Steve
51%
Digital Media April 20 Rebellion (Pre-Show) Laredo Kid
51%
No matching quizzes found
Score Distribution
Percent of People with Each Score
Percentile by Number Answered
Your Score History
You have not taken this quiz